000 00564nam a2200217Ia 4500
003 OSt
005 20220924122733.0
006 a|||||r|||| 00| 0
007 ta
008 220923b |||||||| |||| 00| 0 urd d
024 _a319266
037 _cTextual
040 _aARTS
_cARTS
_burd
041 _2urd
_aurd
082 _aO168v2.M77, L6
245 0 _aIntekhab-e-Awadh Punch
260 _aLucknow
_bMatbua nayyar press India
_c1976
650 _aURDU LITERATURE
942 _hO168v2.M77, L6
_cTEXL
_2CC
999 _c412879
_d412879